00483nam a2200193 a 4500001001300000003000900013005001700022008004100039020000800080082001300088100002000101245005100121260003000172300000900202500003500211505001000246650001300256700002000269nice12345678IN_TiNIC20260116011722.0050524s1957 lona grp 000 0 eng  ac000a266bHOE aHoey, Augustine aGo Quickly and Tellb Handbook About Missions. aLondonbFaith Pressc1957 a100p aincludes index and biblioraphy2 aIndex aMissions1 aHoey, Augustine